| 000 | 004860000a22001690004500 | ||
|---|---|---|---|
| 003 | MACL | ||
| 005 | 20160301152756.0 | ||
| 008 | 160301b xxu||||| |||| 00| 0 eng d | ||
| 040 |
_aMACL _cMACL |
||
| 041 | _aHindi | ||
| 082 | _a891.431 | ||
| 100 |
_aडॉ सम्पूर्णनन्द जी _941690 |
||
| 245 | _aश्याम सन्देश | ||
| 260 |
_bलोकायन _c1951 _aआगरा |
||
| 650 |
_aPoetry _941691 |
||
| 942 |
_cHIN _k891.431 _2ddc |
||
| 999 |
_c25148 _d25148 |
||